00745nam a22001937a 450000500170000002000270001708200150004410000280005924500830008725000110017026000420018127000730022330000330029670000240032970000240035394200220037799900190039995201330041820230927112142.0 a9789390649396c1695.00 a7962First aChaudhary, Vivek957523 aPhysical Education and Sports/cby Vivek Chaudhary, Bimla Pawa and Amita Joshi aFirst  aNew DelhibFriends Publication c2022 a101, 4787/23, Ansari Road, DaryaganjbNew Delhi e110002k9811197091 a304p.bReferencesc28cm(pbk) aPawar, Bimla957521 aJoshi, Amita957522 2ddccENh796mCHA c198575d198575 001040708NFICaMbMd2023-09-27eGIFT/4.09.23g1695.00l0o796 CHApB-755852r2023-09-27 00:00:00t1v1695.00w2023-09-27yEN